| 000 | 01638cam a2200409 i 4500 | ||
|---|---|---|---|
| 001 | xx002743872 | ||
| 003 | NUKAT | ||
| 005 | 20260412225909.0 | ||
| 008 | 130208s1929 pl a |000 0bger c | ||
| 035 | _a(OCoLC)1414126536 | ||
| 035 | _a(NUKAT)xx002743872 | ||
| 040 |
_aGD PAN/DL _bpol _erda _cGD PAN/DL _dGD PAN/GSz _dGD PAN/DBs _dOLSZT 008/AL |
||
| 100 | 1 |
_aKrueger, Albert G. _d(1862- ). _eAutor _95181 |
|
| 245 | 1 | 4 |
_aEin masurisches Original : _bLebensbeschreibung des in mehr als einer Hinsicht originellen Pfarrers Pogorzelski in Kutten ... / _cVerfaßt von Alb. G. Krueger. |
| 250 | _a3. Auflage. | ||
| 260 |
_aOrtelsburg : _bMax Zedler Inh. Hans Andresen, _c[1929]. |
||
| 300 |
_a26 stron : _bilustracje ; _c19 cm. |
||
| 336 |
_aTekst _btxt _2rdacontent |
||
| 337 |
_aBez urządzenia pośredniczącego _bn _2rdamedia |
||
| 338 |
_aWolumin _bnc _2rdacarrier |
||
| 380 | _aKsiążki | ||
| 500 | _aRok wydania według DNB online. | ||
| 600 | 1 | 7 |
_aPogorzelski, Michał _d(1737-1798) _2DBN _939927 |
| 648 | 7 |
_a1701-1800 _2DBN _936035 |
|
| 650 | 7 |
_aDuchowieństwo protestanckie _2DBN _939928 |
|
| 650 | 7 |
_aKościoły protestanckie _2DBN _939929 |
|
| 650 | 7 |
_aParafie _2DBN _935432 |
|
| 651 | 7 |
_aKuty (woj. warmińsko-mazurskie, pow. węgorzewski, gm. Pozezdrze) _2DBN _939930 |
|
| 651 | 7 |
_aPolska _2DBN _935076 |
|
| 651 | 7 |
_aPrusy _2DBN _935118 |
|
| 651 | 7 |
_aPrusy Wschodnie (prowincja) _vbiografie. _2kaba _93256 |
|
| 651 | 7 |
_aMazury (Polska ; region) _vbiografie. _2kaba _913072 |
|
| 655 | 7 |
_aBiografia _2DBN _935059 |
|
| 658 | _aReligia i duchowość | ||
| 710 | 2 |
_aBuchhandlung Max Zedler. _eWydawca _4pbl _939931 |
|
| 942 |
_2ddc _cBK_NM |
||
| 999 |
_c27555 _d27555 |
||